000 00823cam a22002537i 4500
001 a4781437
003 CO-ViMGA
005 20230915224039.0
008 100628s2009 sp a | |||| 000 c spa
020 _a9788498853407
040 _aCO-ViMGA
_bspa
_cCO-ViMGA
041 1 _heng
082 _a741.5
_bB26s1
100 1 _aBendis, Brian Michael
_d1967-
_98883
245 1 0 _aSecretos y mentiras /
_cBrian Michael Bendis, David Finch ; [Gonzalo Quesada, traducción]
260 _aTorroella de Montgrí, Girona
_bPanini España ;
_cD.L. 2009.
300 _a[168] p.
_bprincipalmente il. col.
_c27 cm.
490 0 _aLos nuevos Vengadores
_v3
490 0 _aMarvel deluxe
650 1 4 _aComics
_9284
650 1 4 _aTiras comicas, historietas, etc.
_92479
700 1 _aFinch, David
_d1972-
_edibujante
_99161
942 _2ddc
_cBK
999 _c11157
_d11157